| 000 | 00538nam a22001697a 4500 | ||
|---|---|---|---|
| 003 | SGT | ||
| 020 | _a9788120317093 | ||
| 082 | _a648.45,KAU | ||
| 100 | _aKAUL,ASHA | ||
| 245 | _aEFFECTIVE BUSINESS COMMUNICATION | ||
| 250 | _a1ST | ||
| 260 |
_aNEW DELHI _bPHI _c2003 |
||
| 300 | _a172 | ||
| 650 | _aMANAGEMENT | ||
| 653 | _aPRINCIPLES OF COMMUNICATION, ORAL COMMUNICATION, MECHANICS OF WRITING, REPORT WRITING, SECTIONS OF THE REPORT, CIRCULARS NOTICES,MEMOS,AGENDA AND MINUTES, WRITING LETTERS, APPLYING FAR A JOB | ||
| 942 |
_2ddc _cFCM |
||
| 999 |
_c8906 _d8906 |
||